Is It In Africa? Quiz Stats

 Plays Quiz Updated Jun 19, 2018

Score 0/21 Timer 03:00
0 Plays Today
% Correct
The last country, alphabetically
89.8%
Mount Kilimanjaro
88.4%
Cape of Good Hope
87.5%
Where the earliest human bones were found
86.4%
Zanzibar
85.4%
The newest independent country
85.1%
Casablanca
82.9%
Timbuktu
79.6%
Kalahari Desert
79.4%
Guinea
78.4%
Nearest land to 0 degrees latitude, 0 degrees longitude
77.9%
% Correct
National Capital named for US President, other than Washington
74.8%
Only country to end with the letter 'd' but not 'land'
73.9%
Country formerly known as Abyssinia
71.5%
Ancient city of Carthage
68.4%
Aswan Dam
67.7%
The home to Coptic Christians
65.9%
The Casbah
61.2%
Last land seen by Columbus before he sailed to the New World in 1492
59.5%
Atlas Mountains
57.8%
Abidjan
52.9%

You're not logged in!

Compare scores with friends on all Sporcle quizzes.
OR
Log In

Sporcle TV

Today on Sporcle TV


Watch our educational content, quiz creation guides, and fun videos on Sporcle TV.

Show Comments

Extras

Top Quizzes Today


Score Distribution

Your Account Isn't Verified!

In order to create a playlist on Sporcle, you need to verify the email address you used during registration. Go to your Sporcle Settings to finish the process.

Report this User

Report this user for behavior that violates our Community Guidelines.

Details: